| 000 | 01093 a2200193 4500 | ||
|---|---|---|---|
| 003 | Nust | ||
| 005 | 20230102121815.0 | ||
| 020 | _a81-219-1778-6 | ||
| 040 | _cNust | ||
| 082 | _a629.8312,XAV | ||
| 100 |
_aXavier, S.P.Eugene _984664 |
||
| 245 |
_aPrinciples of control systems : _bfor B.E/B.tech. (all branches), AMIE,GATE,IES and competitive examinations / _cS.P.Eugene Xavier and Joseph Cyril Babu ,J. |
||
| 250 | _a1st ed. | ||
| 260 |
_aNew Delhi _bS.Chand and company _c1999. |
||
| 300 | _a514p | ||
| 505 | _aIntroduction (Page-1), Mathematical tools for control systems analysis (Page-8), Mathematical models of physical systems (Page-61), Feedback chracteristics of control systems (Page-129), Components of control systems (Page-144), Time domain analysis of control systems (Page-188), Stability of control systems (Page-268), Root locus techniques (Page-294), Frequency domain analysis of control systems (Page-343), Design and compensation of control systems (Page-391), State variable analysis (Page-431). | ||
| 650 |
_aPrinciples of control systems _9106604 |
||
| 942 |
_2ddc _cBK |
||
| 999 |
_c214747 _d214747 |
||